Kraj będący największym producentem - Statystyki

Ogólne statystyki
  • Ten quiz został rozwiązany 20 razy
  • Średni wynik to 6 z 26
Statystyki odpowiedzi
Produkt Kraj % Poprawnych
Wino Francja
56%
Jęczmień Rosja
50%
Chmiel USA
50%
Miód Chiny
44%
Awokado Meksyk
44%
Pszenica Chiny
39%
Szpinak Chiny
33%
Piwo Chiny
33%
Słonecznik Ukraina
33%
Truskawki USA
33%
Pszenżyto Polska
28%
Papier i karton Chiny
17%
Proso Indie
17%
Kokosy Indie
17%
Łubin Australia
11%
Daktyle Egipt
11%
Karczoch Włochy
11%
Kakao Wybrzeże Kości Słoniowej
11%
Cukinia Hiszpania
6%
Maniok Nigeria
6%
Mleko wielbłądzie Somalia
6%
Morele Turcja
6%
Cynamon Indonezja
0%
Pistacje Iran
0%
Szafran Iran
0%
Fasola Mjanma
0%
Nie znaleziono quizów pasujących do podanych kryteriów
Rozkład punktacji
Procent ludzi z każdym wynikiem
Percentyl według liczby udzielonych odpowiedzi
Twoja historia wyników
Nie rozwiązałeś tego quizu